00262nam a2200085Ia 4500001000800000005001700008008004100025245007500066260003500141122890820250827093051.0250824s9999 xx 000 0 und d 0aBİBERLİ SALAM KARŞI cSINIKKA NOPOLA, TIINA NOPOLA  bALTIN KİTAPLAR YAYINLARI